00673nam a2200229 a 4500001001300000003000900013005001700022008004100039020002300080082001900103100002500122245003200147260003300179300000900212500003500221505002100256650001600277902000800293942000700301952012000308999001500428nice12345678IN_TiNIC20260116012240.0070912s1986 newa grp 000 0 eng  a0029101905 c80000a704.94897bFAR aFaruqi Al, Isma`Il R aThe Cultural Atlas of Islam aNew York bFree Press c1986 a512p aincludes index and biblioraphy2 aMaps,Illus,Index aArt-Islamic bRHR cBK 001040708ReferHall-aHMIbHMId2007-09-12g800.00l0o704.94897 FARp012964r2007-09-12v800.00w2007-09-12yBK c6232d6232